| 000 | 00516nam a2200157 a 4500 | ||
|---|---|---|---|
| 001 | 000030651 | ||
| 005 | 20241030141145.0 | ||
| 008 | 110525s1995 dr ac 000 0 spa d | ||
| 040 |
_aDO-SdBNP _bspa _cBNPHU |
||
| 100 | 1 |
_aUgarte, María _d1914-2011 _924078 |
|
| 245 | 1 | 0 |
_aIglesias , capillas y ermitas coloniales. / _cMaría Ugarte. |
| 260 |
_aSanto Domingo, : _bAmigo del hogar, _c1995. |
||
| 300 |
_ap. 242 : _bil. retrs. ; _c23 cm. |
||
| 490 | 1 |
_aBanreservas. _aHistoria _v1 |
|
| 830 | 0 |
_aBanreservas _pHistoria _v1 _957239 |
|
| 999 |
_c30143 _d30143 |
||